[Event "ARG-chT"]
[Site "Argentina"]
[Date "2000.??.??"]
[Round "5"]
[White "Rodriguez Vila, Andres"]
[Black "Tempone, Marcelo"]
[Result "1-0"]
[WhiteElo "2492"]
[BlackElo "2443"]
[PlyCount "77"]
[EventDate "2000.??.??"]
[EventType "team"]
[EventRounds "7"]
[EventCountry "ARG"]
[SourceTitle "EXT 2001"]
[Source "ChessBase"]
[SourceDate "2000.11.22"]
[SourceVersion "1"]
[SourceVersionDate "2000.11.22"]
[SourceQuality "1"]

1. e4 e6 2. d4 d5 3. e5 b6 4. c3 Qd7 5. f4 Ba6 6. Bxa6 Nxa6 7. Qd3 Nb8 8. Ne2
f5 9. exf6 Nxf6 10. O-O Bd6 11. Nd2 O-O 12. Nf3 Ne4 13. Ng3 Nxg3 14. hxg3 Nc6
15. Ng5 g6 16. Bd2 Rae8 17. Rae1 Nd8 18. Rf3 Be7 19. Nh3 Bf6 20. Nf2 Nf7 21. g4
Nd6 22. b3 Bg7 23. Rh3 c5 24. dxc5 bxc5 25. f5 gxf5 26. gxf5 Qf7 27. f6 Bxf6
28. Ng4 Nf5 29. Nh6+ Nxh6 30. Bxh6 Bh4 31. Bxf8 Bxe1 32. Bxc5 Qg6 33. Qe3 Qe4
34. Qg5+ Qg6 35. Qe5 Qe4 36. Qc7 Bxc3 37. Rg3+ Kh8 38. Qf7 Bd4+ 39. Kh2 1-0

[Event "ARG-chT"]
[Site "Argentina"]
[Date "2000.06.04"]
[Round "6"]
[White "Rodriguez Vila, Andres"]
[Black "Sorin, Ariel"]
[Result "1/2-1/2"]
[WhiteElo "2492"]
[BlackElo "2502"]
[PlyCount "57"]
[EventDate "2000.??.??"]
[EventType "team"]
[EventRounds "7"]
[EventCountry "ARG"]
[SourceTitle "EXT 2001"]
[Source "ChessBase"]
[SourceDate "2000.11.22"]
[SourceVersion "1"]
[SourceVersionDate "2000.11.22"]
[SourceQuality "1"]

1. e4 e5 2. Nf3 Nc6 3. Bc4 Bc5 4. c3 Nf6 5. O-O Nxe4 6. d4 exd4 7. cxd4 d5 8.
dxc5 dxc4 9. Qxd8+ Kxd8 10. Ng5 Nxg5 11. Bxg5+ f6 12. Rd1+ Ke7 13. Bf4 Ne5 14.
Re1 Bf5 15. Nc3 Rhe8 16. Bxe5 fxe5 17. Rxe5+ Kf6 18. Rxe8 Rxe8 19. Rd1 Re5 20.
c6 bxc6 21. f4 Re6 22. Kf2 Rd6 23. Re1 Rd2+ 24. Re2 Rd4 25. Kf3 Rd3+ 26. Kf2
Rd4 27. Kf3 Rd3+ 28. Kf2 Rd4 29. Kf3 1/2-1/2

[Event "ARG-chT"]
[Site "Argentina"]
[Date "2000.06.11"]
[Round "7"]
[White "Alonso, Salvador"]
[Black "Rodriguez Vila, Andres"]
[Result "1/2-1/2"]
[WhiteElo "2369"]
[BlackElo "2492"]
[PlyCount "69"]
[EventDate "2000.??.??"]
[EventType "team"]
[EventRounds "7"]
[EventCountry "ARG"]
[SourceTitle "EXT 2001"]
[Source "ChessBase"]
[SourceDate "2000.11.22"]
[SourceVersion "1"]
[SourceVersionDate "2000.11.22"]
[SourceQuality "1"]

1. e4 e6 2. d4 d5 3. Nc3 Bb4 4. e5 Ne7 5. a3 Bxc3+ 6. bxc3 c5 7. a4 Qc7 8. Nf3
b6 9. Bb5+ Bd7 10. Bd3 Nbc6 11. O-O c4 12. Be2 f5 13. Ba3 h6 14. h4 O-O-O 15.
Bd6 Qb7 16. a5 Rdg8 17. axb6 axb6 18. Qc1 Kd8 19. Qa3 Nc8 20. Rfb1 g5 21. Qa8
Qxa8 22. Rxa8 Rh7 23. Rxb6 Be8 24. Kf1 Rgg7 25. Ke1 g4 26. Nd2 Ra7 27. Rxa7
Rxa7 28. Bc5 Ra2 29. Rb7 Rxc2 30. Kd1 Ra2 31. Kc1 h5 32. Rb2 Ra5 33. f4 N6a7
34. Bb4 Ra1+ 35. Rb1 1/2-1/2

[Event "Villa Ballester op 50th"]
[Site "Villa Ballester"]
[Date "2000.??.??"]
[Round "2"]
[White "Rodriguez Vila, Andres"]
[Black "Liascovich, Lucas Agustin"]
[Result "1-0"]
[WhiteElo "2492"]
[BlackElo "2176"]
[PlyCount "51"]
[EventDate "2000.??.??"]
[EventType "swiss"]
[EventRounds "9"]
[EventCountry "ARG"]
[SourceTitle "EXT 2001"]
[Source "ChessBase"]
[SourceDate "2000.11.22"]
[SourceVersion "1"]
[SourceVersionDate "2000.11.22"]
[SourceQuality "1"]

1. e4 c5 2. Nc3 Nc6 3. g3 g6 4. Bg2 Bg7 5. d3 d6 6. f4 e6 7. Nf3 Nge7 8. Be3
Nd4 9. O-O O-O 10. e5 Nef5 11. Bf2 Nxf3+ 12. Bxf3 dxe5 13. fxe5 Bxe5 14. Bxc5
Qc7 15. Bxf8 Bd4+ 16. Kh1 Ne3 17. Qe2 Nxf1 18. Nb5 Nxg3+ 19. hxg3 Qxg3 20. Nxd4
Qh4+ 21. Qh2 Qxd4 22. Bd6 Bd7 23. Be5 Qe3 24. Bxb7 Rc8 25. Bc3 Qb6 26. Be4 1-0

[Event "Villa Ballester op 50th"]
[Site "Villa Ballester"]
[Date "2000.??.??"]
[Round "3"]
[White "Nedilsky, Diego"]
[Black "Rodriguez Vila, Andres"]
[Result "0-1"]
[WhiteElo "2311"]
[BlackElo "2492"]
[PlyCount "78"]
[EventDate "2000.??.??"]
[EventType "swiss"]
[EventRounds "9"]
[EventCountry "ARG"]
[SourceTitle "EXT 2001"]
[Source "ChessBase"]
[SourceDate "2000.11.22"]
[SourceVersion "1"]
[SourceVersionDate "2000.11.22"]
[SourceQuality "1"]

1. d4 f5 2. g3 Nf6 3. Bg2 g6 4. c4 Bg7 5. Nh3 O-O 6. Nc3 c5 7. d5 d6 8. O-O Na6
9. e4 fxe4 10. Ng5 Nc7 11. Ngxe4 Nxe4 12. Bxe4 Bh3 13. Bg2 Bxg2 14. Kxg2 Qd7
15. Qd3 Rf5 16. h3 Raf8 17. Bd2 b5 18. g4 Rf3 19. Qxf3 Rxf3 20. Kxf3 bxc4 21.
Rae1 Nxd5 22. Nxd5 Qb7 23. Bc3 Qxd5+ 24. Kg3 e5 25. Rd1 Qe6 26. Rfe1 d5 27.
Bxe5 Bxe5+ 28. f4 Bxf4+ 29. Kxf4 Qd6+ 30. Kf3 d4 31. Rd2 d3 32. Re4 Qd5 33. h4
h5 34. Ke3 hxg4 35. Rg2 g3 36. Re8+ Kh7 37. Re4 Kh6 38. Rd2 Qf7 39. Rf4 Qe6+
0-1

[Event "Villa Ballester op 50th"]
[Site "Villa Ballester"]
[Date "2000.??.??"]
[Round "4"]
[White "Rodriguez Vila, Andres"]
[Black "Valiente, Cristobal"]
[Result "1-0"]
[WhiteElo "2492"]
[BlackElo "2389"]
[PlyCount "75"]
[EventDate "2000.??.??"]
[EventType "swiss"]
[EventRounds "9"]
[EventCountry "ARG"]
[SourceTitle "EXT 2001"]
[Source "ChessBase"]
[SourceDate "2000.11.22"]
[SourceVersion "1"]
[SourceVersionDate "2000.11.22"]
[SourceQuality "1"]

1. e4 c5 2. Nf3 Nc6 3. d4 cxd4 4. Nxd4 Qb6 5. Nb3 Nf6 6. Nc3 e6 7. Bd3 a6 8. g4
h6 9. Be3 Qc7 10. f4 d6 11. Qf3 b6 12. O-O-O Bb7 13. Rhe1 O-O-O 14. Kb1 Be7 15.
g5 hxg5 16. fxg5 Ne5 17. Qf1 Nfg4 18. Bxa6 Nxe3 19. Rxe3 Rxh2 20. g6 Bg5 21.
Rg3 Bf6 22. Nd4 Nxg6 23. Rxg6 Bxd4 24. Rxd4 fxg6 25. Rc4 Bxa6 26. Rxc7+ Kxc7
27. Qf7+ Rd7 28. Qf3 g5 29. a4 Rh4 30. b4 g4 31. Qf2 Rh1+ 32. Kb2 Rf1 33. Qg3
Rdf7 34. Qxg4 Bc4 35. Qg5 R1f2 36. a5 bxa5 37. Qxa5+ Kb7 38. b5 1-0

[Event "Villa Ballester op 50th"]
[Site "Villa Ballester"]
[Date "2000.??.??"]
[Round "7"]
[White "Hoffman, Alejandro"]
[Black "Rodriguez Vila, Andres"]
[Result "1-0"]
[WhiteElo "2491"]
[BlackElo "2492"]
[PlyCount "105"]
[EventDate "2000.??.??"]
[EventType "swiss"]
[EventRounds "9"]
[EventCountry "ARG"]
[SourceTitle "EXT 2001"]
[Source "ChessBase"]
[SourceDate "2000.11.22"]
[SourceVersion "1"]
[SourceVersionDate "2000.11.22"]
[SourceQuality "1"]

1. d4 f5 2. g3 Nf6 3. Bg2 g6 4. c3 Bg7 5. Nd2 c6 6. a4 O-O 7. h4 d6 8. Qb3+ Kh8
9. Ngf3 Qc7 10. Ng5 e5 11. dxe5 dxe5 12. Ne6 Bxe6 13. Qxe6 Nbd7 14. Qa2 Rad8
15. Nf3 Ng4 16. Ng5 Qb6 17. O-O Ndf6 18. Ne6 Rd1 19. e3 Rfd8 20. a5 Qa6 21. c4
c5 22. Nxd8 Rxd8 23. b3 e4 24. Bb2 Qd6 25. Bc3 h6 26. Qc2 Ne5 27. Bxe5 Qxe5 28.
Rad1 Rf8 29. Qd2 Qc7 30. Qd6 Qxa5 31. Ra1 Qb6 32. Qxb6 axb6 33. Rfd1 Ne8 34.
Ra7 Kg8 35. Rxb7 Rf6 36. Rd8 Re6 37. Rdb8 Be5 38. Rxb6 Bxb8 39. Rxe6 Kf7 40.
Rc6 Bd6 41. f3 exf3 42. Bxf3 Ke7 43. Kf2 Nf6 44. Rc8 g5 45. Rh8 Kf7 46. Bd5+
Kg7 47. Rd8 Ng4+ 48. Kf3 Be7 49. Rg8+ Kf6 50. h5 Ne5+ 51. Ke2 Bd6 52. Re8 Be7
53. b4 1-0

[Event "Villa Ballester op 50th"]
[Site "Villa Ballester"]
[Date "2000.??.??"]
[Round "9"]
[White "Scarella, Enrique Alejandro"]
[Black "Rodriguez Vila, Andres"]
[Result "0-1"]
[WhiteElo "2358"]
[BlackElo "2492"]
[PlyCount "80"]
[EventDate "2000.??.??"]
[EventType "swiss"]
[EventRounds "9"]
[EventCountry "ARG"]
[SourceTitle "EXT 2001"]
[Source "ChessBase"]
[SourceDate "2000.11.22"]
[SourceVersion "1"]
[SourceVersionDate "2000.11.22"]
[SourceQuality "1"]

1. d4 f5 2. Nc3 d5 3. Bg5 g6 4. e3 Nh6 5. h4 Nf7 6. Nf3 Bg7 7. Bf4 c6 8. Bd3
Nd7 9. h5 e5 10. hxg6 hxg6 11. Rxh8+ Bxh8 12. dxe5 Ndxe5 13. Nxe5 Nxe5 14. Bxe5
Bxe5 15. Qd2 Qf6 16. g3 Be6 17. O-O-O O-O-O 18. Rh1 c5 19. f4 Bc7 20. Nb5 Bb6
21. a4 a6 22. a5 axb5 23. axb6 b4 24. g4 fxg4 25. Rh7 Bd7 26. Be2 Qe6 27. Rh4
Qe7 28. Rh6 Bf5 29. Bd3 d4 30. e4 Bxe4 31. Qe2 Re8 32. Qxg4+ Kd8 33. Bxe4 Qxe4
34. Qg5+ Re7 35. b3 d3 36. Rh8+ Kd7 37. Qxc5 Qxf4+ 38. Kb1 dxc2+ 39. Ka2 c1=N+
40. Kb1 Qe4+ 0-1

[Event "Malaga op 3rd"]
[Site "Malaga"]
[Date "2000.02.28"]
[Round "4"]
[White "Rodriguez Vila, Andres"]
[Black "Chatalbashev, Boris"]
[Result "1-0"]
[WhiteElo "2492"]
[BlackElo "2522"]
[PlyCount "65"]
[EventDate "2000.02.25"]
[EventType "swiss"]
[EventRounds "9"]
[EventCountry "ESP"]
[SourceTitle "CBM 074 Extra"]
[Source "ChessBase"]
[SourceDate "2000.03.10"]
[SourceVersion "2"]
[SourceVersionDate "2000.03.10"]
[SourceQuality "1"]

1. e4 c5 2. Nf3 g6 3. d4 Bg7 4. c4 Qb6 5. Nc3 cxd4 6. Nd5 Qa5+ 7. b4 Qd8 8. e5
Nc6 9. Bg5 h6 10. Bh4 g5 11. Bg3 e6 12. b5 exd5 13. bxc6 dxc6 14. Qxd4 Qa5+ 15.
Nd2 Ne7 16. cxd5 O-O 17. Bd3 Qxd5 18. Qxd5 cxd5 19. O-O Bf5 20. Bb5 Ng6 21.
Rfe1 a6 22. Ba4 Rac8 23. Nf3 Be4 24. Rad1 Rfd8 25. Bb3 g4 26. Nh4 Ne7 27. Rd2
Bh7 28. f3 gxf3 29. gxf3 d4 30. Bf2 d3 31. Bb6 Re8 32. f4 Nc6 33. Re3 1-0

[Event "Malaga op 3rd"]
[Site "Malaga"]
[Date "2000.02.29"]
[Round "5"]
[White "Rodriguez Vila, Andres"]
[Black "Gleizerov, Evgeny"]
[Result "0-1"]
[WhiteElo "2492"]
[BlackElo "2508"]
[PlyCount "54"]
[EventDate "2000.02.25"]
[EventType "swiss"]
[EventRounds "9"]
[EventCountry "ESP"]
[SourceTitle "CBM 074 Extra"]
[Source "ChessBase"]
[SourceDate "2000.03.10"]
[SourceVersion "2"]
[SourceVersionDate "2000.03.10"]
[SourceQuality "1"]

1. e4 e6 2. d4 d5 3. e5 c5 4. c3 Nc6 5. Be3 Nge7 6. Bd3 cxd4 7. cxd4 Nf5 8. Ne2
Nxe3 9. fxe3 Qg5 10. O-O Qxe3+ 11. Kh1 Bd7 12. Rf3 Qg5 13. Nbc3 f5 14. Nb5 Rc8
15. Qb3 Na5 16. Qa4 Nc4 17. Qxa7 Bxb5 18. b3 Bc6 19. bxc4 dxc4 20. d5 cxd3 21.
dxc6 dxe2 22. Rd3 Qh4 23. Rg1 e1=Q 24. cxb7 Qxg1+ 25. Qxg1 Rb8 26. Qc1 Be7 27.
h3 O-O 0-1

[Event "Malaga op 3rd"]
[Site "Malaga"]
[Date "2000.03.01"]
[Round "6"]
[White "Rozentalis, Eduardas"]
[Black "Rodriguez Vila, Andres"]
[Result "1-0"]
[WhiteElo "2553"]
[BlackElo "2492"]
[PlyCount "65"]
[EventDate "2000.02.25"]
[EventType "swiss"]
[EventRounds "9"]
[EventCountry "ESP"]
[SourceTitle "CBM 074 Extra"]
[Source "ChessBase"]
[SourceDate "2000.03.10"]
[SourceVersion "2"]
[SourceVersionDate "2000.03.10"]
[SourceQuality "1"]

1. e4 e6 2. d4 d5 3. Nd2 Nf6 4. e5 Nfd7 5. Bd3 c5 6. c3 Nc6 7. Ne2 cxd4 8. cxd4
f6 9. exf6 Nxf6 10. Nf3 Qc7 11. O-O Bd6 12. Nc3 a6 13. Bg5 O-O 14. Bh4 g6 15.
Rc1 Ng4 16. Bg3 Bxg3 17. hxg3 Qg7 18. Be2 Bd7 19. Qd2 Rf6 20. Na4 Raf8 21. Nc5
Bc8 22. Nd3 Bd7 23. Ng5 Nh6 24. Ne5 Nxe5 25. dxe5 Rf5 26. f4 Rc8 27. Rxc8+ Bxc8
28. Rc1 Rf8 29. Qa5 Nf5 30. Qc7 Qh6 31. Qc3 d4 32. Qb3 Ng7 33. Bg4 1-0

[Event "Malaga op 3rd"]
[Site "Malaga"]
[Date "2000.03.02"]
[Round "7"]
[White "Rodriguez Vila, Andres"]
[Black "Enjuto Velasco, Roberto"]
[Result "1-0"]
[WhiteElo "2492"]
[BlackElo "2168"]
[PlyCount "40"]
[EventDate "2000.02.25"]
[EventType "swiss"]
[EventRounds "9"]
[EventCountry "ESP"]
[SourceTitle "CBM 074 Extra"]
[Source "ChessBase"]
[SourceDate "2000.03.10"]
[SourceVersion "2"]
[SourceVersionDate "2000.03.10"]
[SourceQuality "1"]

1. e4 c5 2. Nf3 d6 3. d4 cxd4 4. Nxd4 Nf6 5. f3 g6 6. c4 Bg7 7. Nc3 O-O 8. Be3
Nc6 9. Be2 Nxd4 10. Bxd4 Nd7 11. Bxg7 Kxg7 12. Qd4+ f6 13. Rd1 a5 14. f4 a4 15.
h4 Qa5 16. Qe3 Qc5 17. Qf3 Kf7 18. Rd5 Qb6 19. Rd2 Nc5 20. h5 f5 1-0

[Event "Malaga op 3rd"]
[Site "Malaga"]
[Date "2000.03.03"]
[Round "8"]
[White "Hetey, Laszlo"]
[Black "Rodriguez Vila, Andres"]
[Result "1-0"]
[WhiteElo "2343"]
[BlackElo "2492"]
[PlyCount "77"]
[EventDate "2000.02.25"]
[EventType "swiss"]
[EventRounds "9"]
[EventCountry "ESP"]
[SourceTitle "CBM 074 Extra"]
[Source "ChessBase"]
[SourceDate "2000.03.10"]
[SourceVersion "2"]
[SourceVersionDate "2000.03.10"]
[SourceQuality "1"]

1. d4 f5 2. Nf3 Nf6 3. g3 g6 4. Bg2 Bg7 5. O-O O-O 6. c3 c6 7. Nbd2 Kh8 8. Re1
d5 9. Ne5 Be6 10. Ndf3 Bg8 11. Bf4 Nh5 12. Bg5 Nd7 13. Nxd7 Qxd7 14. Qd2 Rfe8
15. Bh6 Bf6 16. Red1 b6 17. Rac1 a5 18. Bg5 Ra7 19. Qe3 Qe6 20. Qxe6 Bxe6 21.
Bxf6+ exf6 22. e3 a4 23. Nd2 b5 24. b3 Rb8 25. Rc2 Ng7 26. c4 bxc4 27. bxc4
Rab7 28. Rdc1 h5 29. a3 Rb2 30. cxd5 cxd5 31. Bf1 f4 32. gxf4 Bf5 33. Rxb2 Rxb2
34. Nf3 Ra2 35. Nh4 Be4 36. Bg2 Kh7 37. f5 Bd3 38. Rc3 Bc4 39. e4 1-0

[Event "Malaga op 3rd"]
[Site "Malaga"]
[Date "2000.03.04"]
[Round "9"]
[White "Rodriguez Vila, Andres"]
[Black "Larios Crespo, Manuel"]
[Result "1-0"]
[WhiteElo "2492"]
[BlackElo "2146"]
[PlyCount "65"]
[EventDate "2000.02.25"]
[EventType "swiss"]
[EventRounds "9"]
[EventCountry "ESP"]
[SourceTitle "CBM 074 Extra"]
[Source "ChessBase"]
[SourceDate "2000.03.10"]
[SourceVersion "2"]
[SourceVersionDate "2000.03.10"]
[SourceQuality "1"]

1. e4 c5 2. Nf3 d6 3. d4 cxd4 4. Nxd4 Nf6 5. f3 a6 6. c4 e6 7. Nc3 Be7 8. Be3
O-O 9. Be2 b6 10. O-O Bb7 11. Qd2 Nbd7 12. Nc2 Qc7 13. Rfd1 Ne5 14. Rac1 Rfd8
15. Na3 Rac8 16. Bf1 Nfd7 17. Kh1 Qb8 18. Qf2 Ba8 19. h3 Nc5 20. b4 Ncd7 21.
Na4 b5 22. cxb5 Rxc1 23. Rxc1 d5 24. exd5 Bxd5 25. Nc5 axb5 26. Nxb5 Nc4 27.
Bxc4 Bxc4 28. Nd4 Ne5 29. Qg3 Qxb4 30. Qxe5 Rd5 31. Qc7 Bf6 32. Nd7 Bxd4 33.
Qc8+ 1-0

[Event "Mar del Plata op 31st"]
[Site "Mar del Plata"]
[Date "2000.04.15"]
[Round "1"]
[White "Chang, Suzana"]
[Black "Rodriguez Vila, Andres"]
[Result "0-1"]
[WhiteElo "2006"]
[BlackElo "2492"]
[PlyCount "66"]
[EventDate "2000.04.15"]
[EventType "swiss"]
[EventRounds "9"]
[EventCountry "ARG"]
[SourceTitle "CBM 075 Extra"]
[Source "ChessBase"]
[SourceDate "2000.05.11"]
[SourceVersion "2"]
[SourceVersionDate "2000.05.11"]
[SourceQuality "1"]

1. d4 f5 2. g3 Nf6 3. Bg2 g6 4. Nf3 Bg7 5. c4 O-O 6. Nc3 d6 7. O-O c6 8. d5 e5
9. dxc6 bxc6 10. b3 Re8 11. Bb2 Bb7 12. e3 Na6 13. Qd2 Nc5 14. Rad1 Qb6 15. Qc1
Rad8 16. Qa1 a5 17. Rfe1 Qb4 18. Qc1 Qb6 19. Bf1 Bc8 20. Rd2 Nfe4 21. Rc2 Rf8
22. Nd2 Nf6 23. Nf3 Ng4 24. h3 Nh6 25. Kh2 Nf7 26. Rd2 g5 27. Red1 h5 28. h4 g4
29. Ne1 Qc7 30. Nd3 Ne6 31. Bg2 Bh6 32. Re2 Nh8 33. f4 gxf3 0-1

[Event "Mar del Plata op 31st"]
[Site "Mar del Plata"]
[Date "2000.04.16"]
[Round "2"]
[White "Rodriguez Vila, Andres"]
[Black "Rodi, Luis Ernesto"]
[Result "1/2-1/2"]
[WhiteElo "2492"]
[BlackElo "2220"]
[PlyCount "36"]
[EventDate "2000.04.15"]
[EventType "swiss"]
[EventRounds "9"]
[EventCountry "ARG"]
[SourceTitle "CBM 075 Extra"]
[Source "ChessBase"]
[SourceDate "2000.05.11"]
[SourceVersion "2"]
[SourceVersionDate "2000.05.11"]
[SourceQuality "1"]

1. e4 e6 2. Qe2 Nc6 3. d3 e5 4. g3 Nf6 5. f4 Bc5 6. fxe5 Nxe5 7. Bf4 d6 8. Nd2
Nfg4 9. Nh3 Ng6 10. Nf3 Nxf4 11. gxf4 Be3 12. c3 O-O 13. Bg2 f5 14. e5 dxe5 15.
fxe5 f4 16. d4 Bf5 17. Nfg5 c6 18. Bf3 Nh6 1/2-1/2

[Event "Mar del Plata op 31st"]
[Site "Mar del Plata"]
[Date "2000.04.17"]
[Round "3"]
[White "Perez, Raul Rene"]
[Black "Rodriguez Vila, Andres"]
[Result "0-1"]
[WhiteElo "2154"]
[BlackElo "2492"]
[PlyCount "66"]
[EventDate "2000.04.15"]
[EventType "swiss"]
[EventRounds "9"]
[EventCountry "ARG"]
[SourceTitle "CBM 075 Extra"]
[Source "ChessBase"]
[SourceDate "2000.05.11"]
[SourceVersion "2"]
[SourceVersionDate "2000.05.11"]
[SourceQuality "1"]

1. d4 f5 2. e4 fxe4 3. Nc3 Nf6 4. Bg5 Nc6 5. d5 Ne5 6. Qd4 Nf7 7. Bxf6 exf6 8.
Nxe4 Be7 9. O-O-O O-O 10. f4 d6 11. Nf3 c5 12. Qd2 Qc7 13. g4 Bxg4 14. Qg2 Nh6
15. Rg1 Rf7 16. Nf2 Bd7 17. Bd3 c4 18. Be2 Nf5 19. Nd4 Qc5 20. Ne4 Qb6 21. Bh5
g6 22. Ne6 Bxe6 23. dxe6 Rg7 24. Qh3 Qe3+ 25. Qxe3 Nxe3 26. Rde1 Nd5 27. Be2
Nxf4 28. Bf3 d5 29. Nc3 Rd8 30. Rd1 d4 31. Nb5 Bc5 32. Na3 Bxa3 33. bxa3 Nxe6
0-1

[Event "Mar del Plata op 31st"]
[Site "Mar del Plata"]
[Date "2000.04.20"]
[Round "6"]
[White "Rodriguez Vila, Andres"]
[Black "Giardelli, Sergio Carlos"]
[Result "0-1"]
[WhiteElo "2492"]
[BlackElo "2426"]
[PlyCount "91"]
[EventDate "2000.04.15"]
[EventType "swiss"]
[EventRounds "9"]
[EventCountry "ARG"]
[SourceTitle "CBM 075 Extra"]
[Source "ChessBase"]
[SourceDate "2000.05.11"]
[SourceVersion "2"]
[SourceVersionDate "2000.05.11"]
[SourceQuality "1"]

1. e4 c5 2. Nc3 Nc6 3. g3 g6 4. Bg2 Bg7 5. f4 e6 6. d3 Nge7 7. Nf3 O-O 8. O-O
Rb8 9. Be3 Nd4 10. e5 Nef5 11. Bf2 d6 12. Ne4 Nxf3+ 13. Bxf3 dxe5 14. fxe5 Bxe5
15. Bxc5 Bxb2 16. Kh1 b6 17. Bxf8 Qxf8 18. Rb1 Bd4 19. c3 Bg7 20. Qa4 Qe7 21.
d4 Rb7 22. Rb3 Bd7 23. Qa6 Rc7 24. Qd3 h5 25. Re1 Qd8 26. Nd2 Bf8 27. Rbb1 Bc6
28. Rbc1 Bh6 29. Bxc6 Rxc6 30. Rc2 Qd5+ 31. Kg1 Nxd4 32. Ne4 Qc4 33. Qxc4 Rxc4
34. Rf2 Nf5 35. Rf3 b5 36. Rd3 a5 37. h3 h4 38. g4 Ng3 39. Nf6+ Kg7 40. Ne8+
Kf8 41. Nd6 Ra4 42. Rf3 Bf4 43. Nxb5 e5 44. Rf2 Rc4 45. Kg2 Ne4 46. Rc2 0-1

[Event "Mar del Plata op 31st"]
[Site "Mar del Plata"]
[Date "2000.04.22"]
[Round "8"]
[White "Rodriguez Vila, Andres"]
[Black "Bianchi, Albino Angel"]
[Result "1-0"]
[WhiteElo "2492"]
[BlackElo "2225"]
[PlyCount "95"]
[EventDate "2000.04.15"]
[EventType "swiss"]
[EventRounds "9"]
[EventCountry "ARG"]
[SourceTitle "CBM 075 Extra"]
[Source "ChessBase"]
[SourceDate "2000.05.11"]
[SourceVersion "2"]
[SourceVersionDate "2000.05.11"]
[SourceQuality "1"]

1. e4 e5 2. Bc4 Nf6 3. d3 c6 4. Nf3 d5 5. Bb3 Bd6 6. Nc3 dxe4 7. dxe4 O-O 8.
Bg5 Na6 9. Qe2 Bc7 10. h3 Nc5 11. Rd1 Qe7 12. Nh4 a5 13. Qf3 b5 14. a3 Nxb3 15.
cxb3 Be6 16. Nf5 Bxf5 17. Qxf5 Rfd8 18. Bxf6 Rxd1+ 19. Nxd1 Qxf6 20. Qxf6 gxf6
21. Ne3 Bb6 22. Nf5 a4 23. b4 c5 24. Ne7+ Kg7 25. Nd5 Ba7 26. bxc5 Bxc5 27. Ke2
Bd4 28. Rb1 Rc8 29. Nb4 Kg6 30. Kd3 Bxf2 31. Rf1 Bd4 32. Nd5 Rd8 33. Kc2 Rd6
34. Kb1 Kg5 35. Rf3 h5 36. b4 axb3 37. Rg3+ Kh4 38. Rxb3 Ra6 39. Rf3 f5 40.
exf5 Kg5 41. g3 Bc5 42. Kb2 Bd6 43. f6 e4 44. Re3 Ra4 45. Rb3 Be5+ 46. Ka2 Bxf6
47. Rxb5 Kh6 48. Nxf6 1-0

[Event "Mar del Plata op 31st"]
[Site "Mar del Plata"]
[Date "2000.04.23"]
[Round "9"]
[White "Salguero, Francisco"]
[Black "Rodriguez Vila, Andres"]
[Result "0-1"]
[WhiteElo "2310"]
[BlackElo "2492"]
[PlyCount "72"]
[EventDate "2000.04.15"]
[EventType "swiss"]
[EventRounds "9"]
[EventCountry "ARG"]
[SourceTitle "CBM 075 Extra"]
[Source "ChessBase"]
[SourceDate "2000.05.11"]
[SourceVersion "2"]
[SourceVersionDate "2000.05.11"]
[SourceQuality "1"]

1. d4 f5 2. Nf3 Nf6 3. Bg5 e6 4. Nbd2 Be7 5. Bxf6 Bxf6 6. e4 O-O 7. Bd3 Nc6 8.
c3 d5 9. exd5 exd5 10. O-O Qd6 11. Qc2 g6 12. Rfe1 Bd7 13. b4 Rae8 14. b5 Nd8
15. c4 Ne6 16. Nb3 Kh8 17. cxd5 Qxd5 18. Bc4 Qd6 19. Rad1 Re7 20. Ne5 Bc8 21.
Qc1 Kg7 22. Rd3 Qb4 23. a3 Qd6 24. f4 Rd8 25. Kh1 Nf8 26. Rde3 Rde8 27. Rd3 Rd8
28. a4 Qb4 29. Rde3 Rde8 30. Nc5 Qa5 31. Qb2 Qb6 32. Qc3 Qd6 33. g4 b6 34. g5
Bxe5 35. fxe5 Qd8 36. e6 h5 0-1

[Event "Najdorf Memorial Great fin"]
[Site "Buenos Aires"]
[Date "2000.09.09"]
[Round "1.1"]
[White "Rodriguez Vila, Andres"]
[Black "Felgaer, Ruben Alejandro"]
[Result "1-0"]
[WhiteElo "2493"]
[BlackElo "2390"]
[PlyCount "47"]
[EventDate "2000.09.09"]
[EventType "k.o."]
[EventRounds "4"]
[EventCountry "ARG"]
[SourceTitle "CBM 079"]
[Source "ChessBase"]
[SourceDate "2000.11.21"]
[SourceVersion "1"]
[SourceVersionDate "2000.11.21"]
[SourceQuality "1"]

1. e4 c5 2. Ne2 d6 3. g3 Nc6 4. Bg2 g6 5. c3 Bg7 6. O-O e5 7. Na3 Nge7 8. d3
O-O 9. Be3 b6 10. Qd2 d5 11. exd5 Nxd5 12. Bh6 Nde7 13. Bxg7 Kxg7 14. f4 Ba6
15. Rad1 Qc7 16. b4 cxb4 17. cxb4 Qd6 18. fxe5 Qxe5 19. Rf4 Rad8 20. Nc4 Bxc4
21. Rxc4 Rd6 22. Re4 Qh5 23. Rh4 Qe5 24. Qh6+ 1-0

[Event "Najdorf Memorial Great fin"]
[Site "Buenos Aires"]
[Date "2000.09.12"]
[Round "2.2"]
[White "Szmetan, Jorge"]
[Black "Rodriguez Vila, Andres"]
[Result "1/2-1/2"]
[WhiteElo "2394"]
[BlackElo "2493"]
[PlyCount "63"]
[EventDate "2000.09.09"]
[EventType "k.o."]
[EventRounds "4"]
[EventCountry "ARG"]
[SourceTitle "CBM 079"]
[Source "ChessBase"]
[SourceDate "2000.11.21"]
[SourceVersion "1"]
[SourceVersionDate "2000.11.21"]
[SourceQuality "1"]

1. Nf3 c5 2. g3 g6 3. Bg2 Bg7 4. O-O Nc6 5. d3 d6 6. e4 Nf6 7. Re1 O-O 8. c3
Rb8 9. d4 cxd4 10. cxd4 Bg4 11. h3 Bxf3 12. Bxf3 Qb6 13. d5 Ne5 14. Bg2 Nfd7
15. Nc3 Nc5 16. Bf1 f5 17. exf5 Rxf5 18. Re3 Rbf8 19. f4 g5 20. Kh1 gxf4 21.
gxf4 Rxf4 22. Bg2 Qa6 23. Kg1 Ncd3 24. Rg3 Nxc1 25. Rxc1 Qb6+ 26. Kh1 Ng6 27.
Rc2 Be5 28. Ne2 Rf2 29. Rb3 Rxg2 30. Rxb6 Rff2 31. Rb4 Rh2+ 32. Kg1 1/2-1/2

[Event "Najdorf Memorial Great fin"]
[Site "Buenos Aires"]
[Date "2000.09.13"]
[Round "3.1"]
[White "Fiorito, Fabian"]
[Black "Rodriguez Vila, Andres"]
[Result "0-1"]
[WhiteElo "2418"]
[BlackElo "2493"]
[PlyCount "66"]
[EventDate "2000.09.09"]
[EventType "k.o."]
[EventRounds "4"]
[EventCountry "ARG"]
[SourceTitle "CBM 079"]
[Source "ChessBase"]
[SourceDate "2000.11.21"]
[SourceVersion "1"]
[SourceVersionDate "2000.11.21"]
[SourceQuality "1"]

1. d4 f5 2. g3 Nf6 3. Bg2 g6 4. c3 Bg7 5. Qb3 Nc6 6. Nh3 e6 7. Nd2 O-O 8. e4
fxe4 9. Nxe4 Nxe4 10. Bxe4 Kh8 11. Bg2 b6 12. O-O Bb7 13. Qd1 Na5 14. Bxb7 Nxb7
15. Ng5 Nd6 16. Qe2 Qf6 17. Kg2 Qf5 18. Bf4 Qd5+ 19. f3 Rae8 20. Rfe1 Rf5 21.
h4 Ref8 22. b3 b5 23. Rad1 Rxf4 24. gxf4 Rxf4 25. c4 bxc4 26. bxc4 Nxc4 27. Ne4
Bxd4 28. Ng3 Rxh4 29. Rd3 Qg5 30. Rb3 Be5 31. f4 Rxf4 32. Rf1 Nb6 33. Rxf4 Bxf4
0-1